000 00864nam a2200205 4500
001 121018
003 ES-MaACL
005 20230906191654.0
007 t|
008 070214s1923 sp r ||||1| spa d
100 1 _aPreiswerk, Gustavo.
_993747
245 1 0 _aAtlas y tratado de Odontología y Estomatología /
_cdel Doctor Gustavo Preiswerk... ; traducido directamente de la última ed. alemana y anotado por los Doctores D. Bernardino Landete... y D. Francisco Rozábal... ; con un prólogo y un artículo sobre el Somnoformo del... Doctor D. Florestán Aguilar.
260 _aMadrid :
_bLib. Académica,
_c1923.
300 _aVIII, 392 p., 56 lám. ;
_c19 x 13 cm.
700 1 _aLandete Aragó, Bernardino.
_969951
700 1 _aRozabal, Francisco.
_9211962
700 1 _aAguilar, Florestán.
_918691
852 _aES-MaACL
_jB-11712
999 _c121018
_d121018